Statistics for Name the Famous People - Picture Quiz #6

Click here to take the quiz!

General Stats

  • This quiz has been taken 234 times
  • The average score is 10 of 15

Answer Stats

Answer% Correct
Adolf Hitler
93%
Martin Luther King
93%
Mohandas Gandhi
92%
Fidel Castro
84%
Marie Curie
81%
Vladimir Lenin
81%
Audrey Hepburn
79%
Benito Mussolini
78%
Ingrid Bergman
55%
Robert Mugabe
55%
Cary Grant
51%
Mustafa Kemal Atatürk
48%
Marlene Dietrich
45%
Golda Meir
43%
Simone de Beauvoir
14%

Score Distribution

Percentile by Number Answered

Percent of People with Each Score

Your Score History

You have not taken this quiz